| 000 | 00578nam a2200181Ia 4500 | ||
|---|---|---|---|
| 008 | 090201s9999 xx 000 0 und d | ||
| 010 | _aKPL-67814 | ||
| 040 | _bमराठी | ||
| 041 | _aमराठी | ||
| 082 |
_a45642 _b67814 |
||
| 100 | _aसुमति क्षेत्रमाडे | ||
| 245 |
_aमहाश्वेता _cसुमति क्षेत्रमाडे |
||
| 250 | _a3 | ||
| 260 |
_c2005 _bनवचेतन्य प्रकाशन |
||
| 300 |
_a266 _bमोठा |
||
| 600 | _aमहाश्वेता | ||
| 942 | _cBOOK | ||
| 999 |
_c242539 _d242539 |
||